| 000 | 01134nam a2200289 i 4500 | ||
|---|---|---|---|
| 001 | bg | ||
| 100 | 1 | _aSALYERS, Abigail A. | |
| 245 | 1 | 0 |
_aMikrobiologia : _bróżnorodność, chorobotwórczość i środowisko / _cAbigail A. Salyers, Dixie D. Whitt ; przekł. pod red. nauk. Zdzisława Markiewicza ; zespół tł. Jadwiga Baj [et al.]. |
| 246 |
_iTyt. oryg.: _aMicrobiology : diversity, disease, and the environment |
||
| 260 |
_aWarszawa : _bWydaw. Naukowe PWN, _c2003. |
||
| 300 |
_aXXX, 608, [2] s. : _bil. ; _c28 cm. |
||
| 500 | _aTyt. oryg.: "Microbiology : diversity, disease, and the environment" 2001. | ||
| 504 | _aBibliogr. Indeks. | ||
| 650 | 9 | _aMikrobiologia | |
| 655 | _aPodręczniki akademickie | ||
| 700 | 1 | _aWHITT, Dixie D. | |
| 700 | 1 |
_aMARKIEWICZ, Zdzisław _d(1945- ). _eTł. |
|
| 700 | 1 |
_aBAJ, Jadwiga. _eTł. |
|
| 020 | _a8301140577 | ||
| 040 | _cBPK | ||
| 041 | 1 |
_apol _heng |
|
| 080 | _a579.2(075.8) | ||
| 920 | _a83-01-14057-7 | ||
| 942 | _cKS | ||
| 008 | s pl f |000 0 pol | ||
| 999 |
_c44628 _d44628 |
||
| 856 |
_uhttp://koha.tu.koszalin.pl/cgi-bin/koha/opac-detail.pl?biblionumber=44628 _yKatalog online BPK |
||